01111 2200181 4500001002100000005001500021035002000036245007100056100001200127250001700139300003200156260003100188082000800219084001400227020002200241650002400263500064200287INLIS00000000000105620250430092832 a0010-04250000511 aBina Fiqih :bJilid 1 untuk Kelas 1 Madrasah Ibtidaiyah /cTim BKG0 aTim BKG acetakan ke-1 ax, 109 hlm :bilus ;c25 cm aJakarta :bErlangga,c2019 a2X4 a2X4 TIM b a978-602-486-927-4 4aBuku Teks Pelajaran aBuku Fiqih ini disusun sesuai KIKD KMA No. 183 Tahun 2019. Materi dalam buku ini dirancang sedemikian rupa sehingga mengarah ke model pembelajaran peserta didik aktif dan pembelajaran kontekstual. Keunggulan produk: Dilengkapi dengan info fiqih, berisi uraian seputar kajian fiqih sebagai tambahan pengetahuan terkait materi yang sedang dipelajari. Studi kasus, berisi kasus-kasus yang berkaitan dengan kehidupan sehari-hari untuk melatih keterampilan berpikir siswa dalam menyelesaikan masalah. Beragam aktivitas lainnya yang mendorong peserta didik untuk lebih memahami hukum-hukum atau syari’at Islam dengan lebih baik.